000 01058nam0a22002651 4500
001 RU\NLR\INFOCOMM_116\5000073251
005 20250613094426.0
035 _a(NLR Aleph) 009261019
090 _a9043211
_c9043211
100 _a20100805d1909 |||y0rusy50 ca
101 0 _agre
_gfre
102 _aRU
105 _ay ||||000|y
200 1 _aManuel d'iconographie chrétienne accompagné de ses sources principales inédites et publié avec préface, pour la prémière fois en entier d'après son texte original
_fDenys de Fourna
_gpar A. Papadopoulo
_gKerameus au frais de la société impériale russe archéologique
210 _aSt. Petersbourg
_cB. Kirschbaum
_d1909
215 _a[56], 351, [3] с.
300 _a2 тит. л. на лат. и греч. яз.
300 _aТекст на греч. яз.
700 0 _9z01790
_aDionysius
_cмонах из Фурны
_fок. 1670 - ок. 1745
_4070
790 1 _9z01700
_aDenys de Fourna
_4070
801 1 _aRU
_bNLR
_c20100805
801 0 _aRU
_bNLR
_gPSBO
852 _aNLR
_jДв327
942 _cBOOK
980 _aNB